El método de la ciencia
Guardat en:
| Autor principal: | |
|---|---|
| Format: | Llibre |
| Idioma: | espanyol |
| Publicat: |
Madrid
Blume
1979
|
| Matèries: | |
| Etiquetes: |
Afegir etiqueta
Sense etiquetes, Sigues el primer a etiquetar aquest registre!
|
MARC
| LEADER | 00000nam a2200000 a 4500 | ||
|---|---|---|---|
| 001 | UCW5405 | ||
| 003 | CL-VaPUC | ||
| 008 | 910417e19790000SP |||||||||||||||||spa|d | ||
| 082 | 0 | 4 | |a 501 |b HAR |2 21 |
| 100 | |a Harré, Romano |e author |9 348575 | ||
| 245 | 1 | 3 | |a El método de la ciencia |
| 300 | |a 148 p | ||
| 942 | |c BK | ||
| 945 | |d 19910417 00:00:00 | ||
| 260 | |a Madrid |b Blume |c 1979 | ||
| 650 | 0 | |a Filosofía de las ciencias |9 256466 | |
| 650 | 0 | |a Ciencia |9 255691 | |
| 650 | 0 | |a Metodología |9 256610 | |
| 583 | |a last modification |c 19910417 00:00:00 |k Rodrigo Vera | ||
| 999 | |c 218850 |d 218848 | ||
| 952 | |0 0 |1 0 |4 0 |6 501_000000000000000_HAR_1979 |7 0 |8 P |9 209051 |a BIBEDU |b BIBEDU |c BIBEDU_PB |d 2019-11-15 |i 2768666 |o 501 HAR 1979 |p 2768666 |r 2024-01-25 |w 2019-11-15 |y BK |k EDU | ||
| 952 | |0 0 |1 0 |4 0 |6 501_000000000000000_HAR_1979 |7 0 |8 P |9 209052 |a BIBEDU |b BIBEDU |c BIBEDU_PB |d 2019-11-15 |i 2768674 |o 501 HAR 1979 |p 2768674 |r 2024-01-25 |w 2019-11-15 |y BK |k EDU | ||
| 952 | |0 0 |1 0 |4 0 |6 501_000000000000000_HAR_1979 |7 0 |8 P |9 209053 |a BIBEDU |b BIBEDU |c BIBEDU_PB |d 2019-11-15 |i 2768682 |o 501 HAR 1979 |p 2768682 |r 2024-01-25 |w 2019-11-15 |y BK |k EDU | ||